Jednotný trh z pohľadu slovenských podnikateľských subjektov

Salvato in:
Dettagli Bibliografici
Autore principale: Andrejčíková, Mária
Natura: Capitolo di libro
Lingua:slovacco
Tags: Aggiungi Tag
Nessun Tag, puoi essere il primo ad aggiungerne!!

MARC

LEADER 00000naa$a2200000$$$4500
001 0177132
005 20240502073022.8
041 0 |a slo 
044 |a SK 
245 1 0 |a Jednotný trh z pohľadu slovenských podnikateľských subjektov  |c Mária Andrejčíková 
100 1 |a Andrejčíková, Mária